Tekanan di kalangan guru-guru sekolah menengah pendidikan khas vokasional Shah Alam, Selangor /
محفوظ في:
| المؤلف الرئيسي: | |
|---|---|
| التنسيق: | أطروحة كتاب |
| اللغة: | Malay |
| منشور في: |
2002.
|
| الموضوعات: | |
| الوسوم: |
إضافة وسم
لا توجد وسوم, كن أول من يضع وسما على هذه التسجيلة!
|
| LEADER | 00914cam a2200229 a 4500 | ||
|---|---|---|---|
| 001 | u730143 | ||
| 003 | SIRSI | ||
| 005 | 200611071450 | ||
| 008 | 061107s2002 my t 00 0 may m | ||
| 040 | |a UMK. | ||
| 098 | |a LB2831.9 |b UM 2002 Kamzs | ||
| 100 | 0 | 0 | |a Kamarol Zaman Saban. |
| 245 | 1 | 0 | |a Tekanan di kalangan guru-guru sekolah menengah pendidikan khas vokasional Shah Alam, Selangor / |c Kamarol Zaman Saban. |
| 260 | |c 2002. | ||
| 300 | |a ix, 82 [7] leaves ; |c 30 cm. | ||
| 502 | |a Dissertation (M.Princ.) -- Institut Pengajian Kepengetuaan, Universiti Malaya, 2002. | ||
| 504 | |a Bibliography: leaves 78-82. | ||
| 650 | 0 | |a Vocational education |z Selangor |x Management. | |
| 650 | 0 | |a Teachers |x Job stress. | |
| 710 | 2 | 0 | |a Universiti Malaya. |b Institut Pengajian Kepengetuaan. |
| 596 | |a 19 | ||
| 999 | |a LB2831.9 UM 2002 KAMZS |w LC |c 1 |i A511795945 |d 27/3/2008 |e 27/3/2008 |f 15/12/2006 |g 1 |l STACKS |m P19KOTA |n 3 |r Y |s Y |t TESIS |u 7/11/2006 | ||
